| 000 | 02558nas0a22004931i 4500 | ||
|---|---|---|---|
| 001 | RU\NLR\DRGNLR\4604 | ||
| 005 | 20240729012852.0 | ||
| 035 | _a(NLR Aleph) 010313176 | ||
| 090 |
_a10644341 _c10644341 |
||
| 100 | _a20080514b19061917u y0rusy50 ca | ||
| 101 | 0 | _arus | |
| 102 | _aRU | ||
| 110 | _acya|||||||| | ||
| 200 | 1 |
_aСтарый владимирец _e[Ежедн. газ. обществ. жизни, политики, лит. и торговли] _fРед.-изд. П.Ф.Леонтьев |
|
| 210 |
_aВладимир _d1906, 27 июля - 1917, 10 сент |
||
| 300 | _aПерерыв в изд.:1907, 21 окт. - 1908, 31 июля | ||
| 311 | _aС 12 сент. по 28 дек. 1917 изд. газ. "Владимирская жизнь" (см. ) | ||
| 430 | 0 |
_12001#$aВладимирец _tВладимирец |
|
| 488 | 0 |
_1001RU\NLR\DRGNLR\705 _12001#$aВладимирская жизнь$fРед. Я.Е.Коробов _910631340 _cВладимир _d1917, 12 сент - 28 дек _fРед. Я.Е.Коробов _tВладимирская жизнь |
|
| 540 | 1 | _aСтарый владимирец | |
| 702 | 1 |
_aЛеонтьев _bПав. Фед. _4340 |
|
| 801 | 0 |
_aRU _bNLR _c20080514 _gPSBO _2gzdor_isis |
|
| 801 | 2 |
_aRU _bNLR _c20080514 _gPSBO _2rusmarc |
|
| 852 |
_aNLR _j1-Р/1-104 |
||
| 852 |
_aNLR _j1-Р/1-104пр |
||
| 942 | _cNEWSPAPER | ||
| 980 | _aDRG | ||